00311nam a2200121Ia 4500008004100000020001800041100001300059245001900072250000600091260004300097500002500140700002400165230524s9999 xx 000 0 und d a9788189897012 aH.C. Das 0aThermodynamics a1 aNew DelhibIndia Tech Publishingc2010 aQuantity Number: 20 a"S.K. Behera, etal"